Les surnoms des villes françaises - Statistiques

Statistiques générales
  • Ce quiz a été pris 402 fois
  • Le résultat moyen est 5 sur 7
Statistiques - réponses
Villes Réponses % Correct
Toulouse La ville ... rose
95%
Paris La ville ... lumière
91%
Marseille La cité ... phocéenne
76%
Avignon La cité des ... papes
73%
Lyon La capitale des ... Gaules
55%
Saint-Malo La cité ... corsaire
31%
Nantes La cités des ... ducs
30%
Aucun quiz correspondant
Distribution des résultats
% des personnes avec chaque résultat
Percentile par nombre de réponses
Votre historique - résultats
Vous n’avez pas pris ce quiz